| 000 | 00680nam a2200205 4500 | ||
|---|---|---|---|
| 999 |
_c170471 _d170471 |
||
| 005 | 20191216154706.0 | ||
| 010 | _aENG-127150 | ||
| 020 |
_a9789352875849 _c215.00 |
||
| 035 | _aEN-110682 | ||
| 037 | _bDBAD/PUB | ||
| 082 | _a306.095 | ||
| 100 | _aBakshi, Kaustav | ||
| 245 |
_aQueer studies : _cby Kaustav Bakshi [and] Rohit K. Dasgupta _btexts, contexts, praxis / |
||
| 260 |
_aHyderabad _bOrient Blankswan Private _c2019 |
||
| 270 |
_a3-6-752 Himayatnagar, Hyderabad _bTelangana _e500029 _mindo@orientblackswan.com |
||
| 300 |
_avii;191p . _c21cm(pbk) |
||
| 500 | _aIncludes references | ||
| 700 | _aDasgupta, Rohit K. | ||
| 942 |
_2ddc _cEN _h306.095 _mBAK |
||